La potestad de orden en los primeros siglos / (Record no. 122053)

MARC details
000 -LEADER
campo de control de longitud fija 00810nam a2200217 4500
001 - NÚMERO DE CONTROL
campo de control 122053
003 - IDENTIFICADOR DE NÚMERO DE CONTROL
campo de control ES-MaACL
005 - FECHA Y HORA DE LA ÚLTIMA TRANSACCIÓN
campo de control 20230906191910.0
007 - CAMPO FIJO DE DESCRIPCIÓN FÍSICA--INFORMACIÓN GENERAL
campo de control de longitud fija t|
008 - DATOS DE LONGITUD FIJA--INFORMACIÓN GENERAL
campo de control de longitud fija 070214s1977 sp r ||||1| spa d
245 03 - MENCIÓN DEL TÍTULO
Título La potestad de orden en los primeros siglos /
Mención de responsabilidad, etc. José Capmany Casamitjana [et. al.].
260 ## - PUBLICACIÓN, DISTRIBUCIÓN, ETC.
Lugar de publicación, distribución, etc. Burgos :
Nombre del editor, distribuidor, etc. Aldecoa,
Fecha de publicación, distribución, etc. 1977.
300 ## - DESCRIPCIÓN FÍSICA
Extensión XXVII, 431 p. ;
Dimensiones 22 cm.
490 1# - MENCIÓN DE SERIE
Mención de serie Teología del sacerdocio
500 ## - NOTA GENERAL
Nota general Precede al Tit :Facultad Teológica del Norte de España, Sede de Burgos, Instituto Juan de Avila.
700 1# - ENTRADA AGREGADA--NOMBRE PERSONAL
Nombre de persona Capmany, José (
Fechas asociadas al nombre 1920-1995)
9 (RLIN) 34864
710 2# - ENTRADA AGREGADA--NOMBRE DE ENTIDAD CORPORATIVA
Nombre de entidad corporativa o nombre de jurisdicción como elemento de entrada Facultad Teológica del Norte de España.
Unidad subordinada Instituto Juan de Avila (
Sede del congreso/Lugar de la reunión Burgos)
9 (RLIN) 4077
830 0# - PUNTO DE ACCESO ADICIONAL DE SERIE-TÍTULO UNIFORME
Título uniforme Teología del sacerdocio
9 (RLIN) 186553
852 ## - LOCALIZACIÓN
Ubicación ES-MaACL
Número de control de estantería A-7350
Sublocalización o colección R.96347
Holdings
Estatus retirado Estado de pérdida Estado de daño No para préstamo Biblioteca de origen Biblioteca actual Ubicación en estantería Fecha de adquisición Fuente de adquisición Total de préstamos Signatura topográfica completa Código de barras Visto por última vez Precio de reemplazo Tipo de ítem Koha
        Biblioteca del Ateneo de Madrid Biblioteca del Ateneo de Madrid Sala Pecera Planta 1 17/01/2008     A-7350 1127192 23/02/2023 23/02/2023 Libro impreso